The Motor vehicle industry in Asia : a study of ancillary firm development
Enregistré dans:
| Auteur principal: | |
|---|---|
| Format: | Livre |
| Langue: | Undetermined |
| Publié: |
[Singapore]
Published for Council for Asian Manpower Studies by Singapore University Press
1983
|
| Sujets: | |
| Tags: |
Ajouter un tag
Pas de tags, Soyez le premier à ajouter un tag!
|
| Thư viện lưu trữ: | Trung tâm Học liệu Trường Đại học Cần Thơ |
|---|
| LEADER | 00655nam a2200193Ia 4500 | ||
|---|---|---|---|
| 001 | CTU_85230 | ||
| 008 | 210402s9999 xx 000 0 und d | ||
| 082 | |a 338.4 | ||
| 082 | |b O22 | ||
| 100 | |a Odaka, Konosuke | ||
| 245 | 4 | |a The Motor vehicle industry in Asia : a study of ancillary firm development | |
| 245 | 0 | |c Konosuke Odaka | |
| 260 | |a [Singapore] | ||
| 260 | |b Published for Council for Asian Manpower Studies by Singapore University Press | ||
| 260 | |c 1983 | ||
| 650 | |a Automobile industry and trade,Machinery industry,Motor vehicle industry | ||
| 650 | |z Asia | ||
| 904 | |i Năm | ||
| 980 | |a Trung tâm Học liệu Trường Đại học Cần Thơ | ||